000 00992cad a22002175a 4500
001 L156765
008 120710s2012 xxk f 000 0 eng d
035 _a(Sirsi) u156765
041 0 _aeng
110 2 _aLondon School of Economics
_91264
245 0 0 _aGoing Green
_bHow cities are leading the next economy
_h[electronic resource]
260 _aLondon
_bLSE
_c2012
520 _aInvestigates the extent to which cities have successfully integrated green policies since the last United Nations Conference on Sustainable Development in 1992. The report provides preliminary results from an analysis of 53 cities that responded to the survey ahead of Rio+20.
590 _aKA NTK
651 4 _aInternational
690 _aSustainability
_96271
690 _aEnergy
_96237
700 1 _aLocal Governments for Sustainability
856 4 0 _uhttps://www.iclei.org/fileadmin/user_upload/documents/Global/Publications/goinggreen.pdf
_zView the item free of charge at www.iclei.org
942 _n0
999 _c114404
_d114404